| 000 | 01323nam0a22003011 4500 | ||
|---|---|---|---|
| 001 | RU\NLR\BIBL_A\012886165 | ||
| 005 | 20251120125707.6 | ||
| 035 | _a(NLR Aleph) 012886165 | ||
| 090 |
_a12535878 _c12535878 |
||
| 100 | _a20220912d1937 u y0rusy50 ca | ||
| 101 | 0 | _achi | |
| 102 | _aRU | ||
| 105 | _ay g ||||| | ||
| 200 | 1 |
_a什麼是列寧主義 _dЧто такое ленинизм _e(列寧主義研究者之參考材料) _f文維城 編輯者 _zrus |
|
| 210 |
_a[莫斯科] _c外國工人出版社 _d1937 |
||
| 210 |
_aМосква _cИздательство иностранных рабочих в СССР _d1937 _e7-я тип. "Искра революции" |
||
| 215 |
_a101 с. _d22 см |
||
| 510 | 1 |
_aШэньмэ ши Ленин чжуи _e(Ленин чжуи яньцзючжэ чжи цанькао цайляо) _fВэнь Вэйчэн бяньцзичжэ |
|
| 510 | 1 |
_aЧто такое ленинизм: на китайском языке _nИздат. редактор Г. Гришин; техредактор Лидако _zrus |
|
| 606 |
_aМарксизм-ленинизм _2nlr_sh1 |
||
| 700 | 1 |
_a文維城 _4340 |
|
| 701 | 1 |
_aГришин _bГ. _4340 |
|
| 701 | 1 |
_aЛидако _4340 |
|
| 852 |
_aNLR _bОЛСАА-кит. _j3-25 |
||
| 942 | _cBOOK | ||
| 980 | _aNB | ||
| 980 | 1 | _aCHIN | |